Antropología cristiana

Uloženo v:
Podrobná bibliografie
Hlavní autor: Comblin, José (autor)
Médium: Kniha
Jazyk:španělština
Vydáno: Buenos Aires Paulinas 1985
Edice:Teología y Liberación
Témata:
Tagy: Přidat tag
Žádné tagy, Buďte první, kdo vytvoří štítek k tomuto záznamu!

MARC

LEADER 00000nam a2200000 a 4500
001 UCR3082
003 CL-VaPUC
008 980123e19850000AG |||||||||||||||||spa|d
082 0 4 |a 261.83  |b COM  |2 21 
100 |a Comblin, José  |e autor  |9 399888 
245 1 0 |a Antropología cristiana 
300 |a v 
942 |c BK 
945 |d 19980123 00:00:00  |a rleighto 
260 |a Buenos Aires  |b Paulinas  |c 1985 
500 |a v.1: La liberación en la historia 
650 0 |a Teología   |9 258766 
650 0 |a Teología de la liberación   |9 255471 
650 7 |a COMUNIDADES CRISTIANAS  |2 CL-VaPUC  |9 401877 
650 7 |a HUMANIDAD  |2 CL-VaPUC  |9 309969 
650 0 |a Ciencia  |9 255691 
650 0 |a Teología   |9 258766 
583 |a last modification  |c 19980123 00:00:00  |k Rodrigo Vera 
490 0 |a Teología y Liberación 
999 |c 266189  |d 266187 
952 |0 0  |1 0  |4 0  |6 261_830000000000000_COM_1985  |7 0  |8 A  |9 297585  |a BIBTEO  |b BIBTEO  |d 2019-11-20  |h v.1  |i 3382206  |o 261.83 COM 1985  |p 3382206  |r 2025-01-17  |w 2019-11-20  |y BK  |k ICR